• 首页
  • 本馆介绍
  • 公告通知
  • 最新文献
  • 馆藏检索
  • 电子资源
  • 读者导购
  • 参考咨询
  • 我的图书馆
  • 登录
  • 详细信息显示
  • 放入我的书架
  • 预约/预借图书
  • 作者相关作品
  • 分类相关作品
  • 丛书相关作品
  • 出版社相关作品

书目信息

  • 表格格式
  • 工作单格式
  • 卡片格式
题名:
火候
    
 
作者: 伍福生 , 伍福生 著
分册:  
出版信息: 广州   广州出版社  2002
页数: 324页, [2]页图版
开本: 20cm
丛书名: 唯高餐饮经典书库
单 册:
中图分类: TS972.11
科图分类:
主题词: 烹饪--peng ren--基本知识
电子资源:
ISBN: 7-80655-368-1
000 01291nam0 2200397 450
000 01256nam0 2200385 450
000 01219nam0 2200373 450
000 01188nam0 2200361 450
000 01151nam0 2200349 450
000 01112nam0 2200337 450
000 01075nam0 2200325 450
000 00992nam0 2200313 450
000 00955nam0 2200301 450
000 00888oam2 2200277 450
001 0104000024
005 20070616092956.50
010    @a7-80655-368-1@dCNY20.00
100    @a20051124d2002 em y0chiy0110 ea
101 0  @achi
102    @aCN@b440000
105    @af z 000yy
200 1  @a火候@Ahuo hou@f伍福生著@Fwu fu sheng zhu
210    @a广州@c广州出版社@d2002
215    @a324页, [2]页图版@d20cm
225 2  @a唯高餐饮经典书库@i餐饮经典@v17
300    @a厨师秘笈
330    @a本书内容共分为六章, 从临灶、传热、原料、热菜、名菜、肉菜等六方面论述其与火候的关系, 力图做到理论与实例相结合。
461  0 @12001 @a唯高餐饮经典书库@i餐饮经典@v17
606 0  @a烹饪@Apeng ren@x基本知识
690    @aTS972.11@v4
701  0 @a伍福生@9wu fu sheng@4著
701  0 @a伍福生@Awu fu sheng@4著
801  0 @aCN@b北京荣雅伟业图书经销中心@c20070616
905    @aBZT@dTS972.11@e1
906    @dCNY20.00@n0@r1
    
    火候/伍福生著.-广州:广州出版社,2002
    324页, [2]页图版;20cm.-(唯高餐饮经典书库.餐饮经典;17)
    厨师秘笈
    
    ISBN 7-80655-368-1:CNY20.00
    本书内容共分为六章, 从临灶、传热、原料、热菜、名菜、肉菜等六方面论述其与火候的关系, 力图做到理论与实例相结合。
●
相关链接 在五车中查询图书 在当当中查询图书 在豆瓣中查询图书


正题名:火候     索取号:TS972.11/1         预约/预借

序号 登录号 条形码 馆藏地/架位号 状态 备注
1 510626   230092893   中心书库中库/ 中库024架A面2列4层25/ [索取号:TS972.11/1] 在馆    
2 510627   230092895   中心书库中库/ 中库024架A面2列4层23/ [索取号:TS972.11/1] 在馆    
3 510628   230092898   中心书库中库/ 中库024架A面2列4层29/ [索取号:TS972.11/1] 在馆    
4 510629   230092897   中心书库中库/ 中库024架A面2列4层21/ [索取号:TS972.11/1] 在馆    
5 510630   230092900   中心书库中库/ 中库024架A面2列4层28/ [索取号:TS972.11/1] 在馆    
6 562244   230140412   中心书库中库/ 中库024架A面2列4层22/ [索取号:TS972.11/1] 在馆    
7 562245   230140411   中心书库中库/ 中库024架A面2列4层27/ [索取号:TS972.11/1] 在馆    
8 562246   230140410   中心书库中库/ 中库024架A面2列4层30/ [索取号:TS972.11/1] 在馆    
9 562247   230140409   中心书库中库/ 中库024架A面2列4层24/ [索取号:TS972.11/1] 在馆    
10 562248   230140408   中心书库中库/ 中库024架A面2列4层26/ [索取号:TS972.11/1] 在馆    
山东省滨州职业学院图书馆 欢迎您!
大连网信软件有限公司© 版权所有